000 00613nam a22001817a 4500
003 0
005 20230911135438.0
008 230811b xxu||||| |||| 00| 0 eng d
020 _a978-1-64504-250-1
050 _aLB 1707
_b.L33 2022
100 _aLadick, Michael
245 _aPurposeful development of professional learning processes : considerations for pedagogy, research and practice
_ceditor Michael Ladick
260 _aNew York
_bDIO Press Inc.,
_c2022
300 _a135 p. ;
_c24 cm.
504 _aIncludes bibliographical references.
650 _aProfessional Learning Process.
942 _2lcc
_cBK
999 _c365122
_d365122